Principles of electromechanical-energy conversion (Record no. 23169)

000 -LEADER
fixed length control field 00596nam a22002051 4500
001 - CONTROL NUMBER
control field 23169
003 - CONTROL NUMBER IDENTIFIER
control field BD-DhUET
008 - FIXED-LENGTH DATA ELEMENTS--GENERAL INFORMATION
fixed length control field 730301s1966 xx 000 0 eng
040 ## - CATALOGING SOURCE
Original cataloging agency DLC
Transcribing agency DLC
Modifying agency BD-DhUET
082 ## - DEWEY DECIMAL CLASSIFICATION NUMBER
Classification number 623.13
Item number MEI/1966
100 ## - MAIN ENTRY--PERSONAL NAME
Personal name Meisel, Jerome
245 10 - TITLE STATEMENT
Title Principles of electromechanical-energy conversion
250 ## - EDITION STATEMENT
Edition statement 1st ed.
260 ## - PUBLICATION, DISTRIBUTION, ETC. (IMPRINT)
Place of publication, distribution, etc. New York
Name of publisher, distributor, etc. McGraw-Hill
Date of publication, distribution, etc. 1966
300 ## - PHYSICAL DESCRIPTION
Extent xvii, 639p.
Other physical details ill.
490 ## - SERIES STATEMENT
Series statement McGraw-Hill electrical and electronic engineering series
504 ## - BIBLIOGRAPHY, ETC. NOTE
Bibliography, etc Includes bibliographies
650 #0 - SUBJECT ADDED ENTRY--TOPICAL TERM
Topical term or geographic name as entry element Mechinery: Electrical engineering
942 ## - ADDED ENTRY ELEMENTS (KOHA)
Koha item type General Book
Holdings
Not for loan Koha normalized classification for sorting Date acquired Piece designation (barcode) Koha item type Location (home branch) Copy number Lost status Withdrawn status Sublocation or collection (holding branch) Source of classification or shelving scheme Koha date last seen Damaged status Shelving location Koha full call number Price effective from
 623_130000000000000_MEI_19682015-05-0311878General BookCentral Library, BUET1  Central Library, BUET 2015-05-03 Circulation section623.13/MEI/19682015-05-03
 623_130000000000000_MEI_19662015-05-0311877General BookCentral Library, BUET2  Central Library, BUET 2015-05-03 Circulation section623.13/MEI/19662015-05-03
 623_130000000000000_MEI_19662015-05-0311875General BookCentral Library, BUET3  Central Library, BUET 2015-05-03 Circulation section623.13/MEI/19662015-05-03
 623_130000000000000_MEI_19662015-05-0311438General BookCentral Library, BUET4  Central Library, BUET 2015-05-03 Circulation section623.13/MEI/19662015-05-03
 623_130000000000000_MEI_19662015-05-0311876General BookCentral Library, BUET5  Central Library, BUET 2015-05-03 Circulation section623.13/MEI/19662015-05-03
 623_130000000000000_MEI_19662015-05-0311437General BookCentral Library, BUET6  Central Library, BUET 2015-05-03 Circulation section623.13/MEI/19662015-05-03
 623_130000000000000_MEI_19662015-05-0311879General BookCentral Library, BUET7  Central Library, BUET 2015-05-03 Circulation section623.13/MEI/19662015-05-03
 623_130000000000000_MEI_19662015-05-0384929General BookCentral Library, BUET8  Central Library, BUET 2015-05-03 Circulation section623.13/MEI/19662015-05-03
 623_130000000000000_MEI_19662015-05-0715539General BookCentral Library, BUET9  Central Library, BUET 2015-05-07 Circulation section623.13/MEI/19662015-05-07
 623_130000000000000_MEI_19662015-07-1239251General BookCentral Library, BUET10  Central Library, BUET 2015-07-12 Circulation section623.13/MEI/19662015-07-12